书目信息 |
| 题名: |
Internet专家:FrontPage98培训教程
|
|
| 作者: | 微软教材编译室 编著 | |
| 分册: | ||
| 出版信息: | 北京 电子工业出版社 1999.07 |
|
| 页数: | 203页 | |
| 开本: | 16开 | |
| 丛书名: | ||
| 单 册: | ||
| 中图分类: | TP393.092 | |
| 科图分类: | ||
| 主题词: | 计算机应用 | |
| 电子资源: | ||
| ISBN: | 7-5053-5482-5 | |
| 000 | 00636nam0 2200193 45 | |
| 001 | 0009290554 | |
| 005 | 20000929054859.0 | |
| 010 | @a7-5053-5482-5@d24.00元 | |
| 100 | @a20000929d1999 km y0chiy0120 ea | |
| 101 | 0 | @achi |
| 105 | @a z 000yy | |
| 200 | 1 | @aInternet专家:FrontPage98培训教程@AInternet Zhuan Jia:FrontPage98 Pei Xun Jiao Cheng@f微软教材编译室编著@FWei Ruan Jiao Cai Bian Yi Shi Bian Zhu |
| 210 | @a北京@c电子工业出版社@d1999.07 | |
| 215 | @a203页@d16开 | |
| 606 | 0 | @a计算机应用 |
| 690 | @aTP393.092@v3 | |
| 701 | 0 | @a微软教材编译室@4编著 |
| 801 | @aCN@bPftUser@c20000929 | |
| 905 | @b405346-355@dTP393.092@eW:355@f10 | |
| Internet专家:FrontPage98培训教程/微软教材编译室编著.-北京:电子工业出版社,1999.07 |
| 203页;16开 |
| ISBN 7-5053-5482-5:24.00元 |
| ● |
| 相关链接 |
|
|
|
正题名:Internet专家:FrontPage98培训教程
索取号:TP393.092/W:355
 
预约/预借
| 序号 | 登录号 | 条形码 | 馆藏地/架位号 | 状态 | 备注 |
| 1 | 405346 | 204053460 | 自科二线504/504自科库 5排2列5层/ [索取号:TP393.092/W:355] | 在馆 | |
| 2 | 405347 | 204053479 | 自科二线504/504自科库 5排2列5层/ [索取号:TP393.092/W:355] | 在馆 | |
| 3 | 405348 | 204053488 | 自科二线504/504自科库 18排1列6层/ [索取号:TP393.092/W:355] | 在馆 | |
| 4 | 405349 | 204053497 | 自科二线504/504自科库 5排2列5层/ [索取号:TP393.092/W:355] | 在馆 | |
| 5 | 405350 | 204053503 | 自科库301/301自科库 129排1列2层/ [索取号:TP393.092/W:355] | 在馆 | |
| 6 | 405351 | 204053512 | 期刊室512/301自科库 129排1列2层/ [索取号:TP393.092/W:355] | 在馆 | |
| 7 | 405352 | 204053521 | 自科二线504/504自科库 18排1列6层/ [索取号:TP393.092/W:355] | 在馆 | |
| 8 | 405353 | 204053530 | 自科二线504/504自科库 5排2列5层/ [索取号:TP393.092/W:355] | 在馆 | |
| 9 | 405354 | 204053549 | 自科二线504/504自科库 18排1列6层/ [索取号:TP393.092/W:355] | 在馆 | |
| 10 | 405355 | 204053558 | 自科二线504/504自科库 5排2列5层/ [索取号:TP393.092/W:355] | 在馆 |